|
|
|
|
| LEADER |
00000cam a2200000 7i4500 |
| 001 |
0000014345 |
| 005 |
20080612.0 |
| 008 |
290208 |
| 020 |
|
|
|a 0974548413
|
| 090 |
0 |
0 |
|a 327.73009
|b PIP
|
| 100 |
1 |
|
|a Piper, Michael Collins
|
| 245 |
1 |
4 |
|a The high priests of war :
|b the secret history of how America's "Neo-Conservative"Trotskyites came to power and orchestrated the war against Iraq as the first step in their drive for global empire
|c Michael Collins Piper
|
| 260 |
|
|
|a Washington :
|b American Free Press ,
|c 2004
|
| 650 |
|
0 |
|a Concervatism
|x United States
|x History
|x 21st centure
|
| 650 |
|
0 |
|a Iraq war 2003
|x Causes
|
| 650 |
|
0 |
|a United States
|x Foreign relations
|x 2001-
|
| 650 |
|
0 |
|a United States
|x Politics and goverment
|x 2001
|
| 710 |
1 |
|
|a Title
|
| 999 |
|
|
|a 0001010945
|b Book
|c Adult Collection
|e Perbadanan Perpustakaan Awam Johor
|
| 999 |
|
|
|a 0001010946
|b Book
|c Adult Collection
|e Perbadanan Perpustakaan Awam Johor
|
| 999 |
|
|
|a 0001010947
|b Book
|c Adult Collection
|e Perbadanan Perpustakaan Awam Johor
|
| 999 |
|
|
|a 0001023068
|b Book
|c Adult Collection
|e Cawangan Taman Sri Lambak
|
| 999 |
|
|
|a 0001023069
|b Book
|c Adult Collection
|e Cawangan Pontian
|
| 999 |
|
|
|a 0001023071
|b Book
|c Adult Collection
|e Cawangan Pontian
|
| 999 |
|
|
|a 0001032764
|b Book
|c Adult Collection
|e Cawangan Tmn. Ungku Tun Aminah
|